| 000 | 00749nam a22002057a 4500 | ||
|---|---|---|---|
| 999 |
_c17524 _d17524 |
||
| 003 | AR-CdUCM | ||
| 008 | 190508b ||||| |||| 00| 0 spa d | ||
| 040 |
_aMUNICIPALIDAD PROVINCIAL DEL CUSCO _cBIBLIOTECA MUNICIPAL DEL CUSCO |
||
| 082 |
_a612.8 / _bG84 |
||
| 100 |
_aWalter, W. Grey _937573 |
||
| 245 | _aEl cerebro viviente / | ||
| 260 |
_aMéxico : _bFondo de Cultura Económica, _c1961. |
||
| 300 |
_a97 paginas ; _bIlustraciones, _c17 cm. |
||
| 505 | _aContenido :Los amos de la tierra -- Un espejo para el cerebro --Significación del pattern --Revelación por el relampagueo ... | ||
| 650 |
_aCerebro _920024 |
||
| 650 |
_aFisiología _94959 |
||
| 650 |
_aElectroencefalograma _937574 |
||
| 942 |
_2ddc _cLIBROS |
||
| 945 |
_arjall _d2017-05-08 |
||